00589nam a22001697a 450000500170000001000150001702000260003203500140005803700130007208200130008524500920009826000500019027001270024030000230036770000150039071000140040520190213111749.0 aENG-124700 a9788191065138c400.00 aEN-108232 bDBAD/PUB a155.9042 aNew horizons in stress managemenyt /ced. by Sadiqur Razaque,Enaytullah [and] R.P.Singh aNew Delhi bAyushaman Publication Housec2011 a352/D2 Ajit Bhawan Munirka,Near J.N.U.Main Gate.bNew Delhi e110067k011-7503176725,9555936935mayushmanpubhouse@gmai.com a166 p. c21cm.(Hb) aEnaytullah aR.P Singh